Normal view
MARC view
- SOFTWARE REQUIREMENTS MANAGING
Entry Topical Term
001 - CONTROL NUMBER
- control field: 62685
003 - CONTROL NUMBER IDENTIFIER
- control field: NUST
005 - DATE AND TIME OF LATEST TRANSACTION
- control field: 20210628202958.0
008 - FIXED-LENGTH DATA ELEMENTS
- fixed length control field: 210628|| aca||aabn | a|a d
040 ## - CATALOGING SOURCE
- Original cataloging agency: NUST
- Transcribing agency: NUST
150 ## - HEADING--TOPICAL TERM
- Topical term or geographic name entry element: SOFTWARE REQUIREMENTS MANAGING
670 ## - SOURCE DATA FOUND
- Source citation: Work cat.: (NUST): Leffingwell, Dean Widrig, Don 62684, Managing software requirements, 2002
